市町村wiki画像クイズ!上級編 - Statistics

General Stats
  • This quiz has been taken 27 times
  • The average score is 2 of 16
Answer Stats
Picture Answer % Correct
豊原市
48%
古座川町
24%
篠栗町
19%
深浦町
14%
新北市
14%
奉天市
14%
双葉町
10%
花蓮市
10%
敷香町
10%
西予市
5%
宜蘭市
5%
フエ市
5%
蘂取村
5%
ケソン市
5%
渥美町
5%
嘉手納町
0%
No matching quizzes found
Score Distribution
Percent of People with Each Score
Percentile by Number Answered
Your Score History
You have not taken this quiz